| 000 | 00650nam a2200217 a 4500 | ||
|---|---|---|---|
| 001 | 2420347 | ||
| 003 | OSt | ||
| 005 | 20230627113701.0 | ||
| 008 | 870121s1986 ke 000 0 eng | ||
| 010 | _a 86981091 | ||
| 040 |
_aDLC _cDLC _dDLC |
||
| 043 | _af------ | ||
| 082 | 0 | 0 |
_a335.00 _bKIM |
| 100 | 1 |
_aKimua, T. H. _q(Tegakimwa Herman) |
|
| 245 | 1 | 0 |
_aLet socialism come of itself : _ba message to the black African continent / _cT.H. Kimua. |
| 260 |
_aNairobi, Kenya : _bGideon S. Were Press, _c1986. |
||
| 300 |
_aix, 66 p. ; _c21 cm. |
||
| 650 | 0 |
_aSocialism _zAfrica. |
|
| 906 |
_a7 _bcbc _corignew _d2 _encip _f19 _gy-gencatlg |
||
| 942 |
_2ddc _cBK |
||
| 999 |
_c2844 _d2844 |
||